Introduction to computer science. (Record no. 11956)
[ view plain ]
| 000 -LEADER | |
|---|---|
| fixed length control field | 00712nam a22002412 4500 |
| 001 - CONTROL NUMBER | |
| control field | 0000005769 |
| 005 - DATE AND TIME OF LATEST TRANSACTION | |
| control field | 20151217155212.0 |
| 008 - FIXED-LENGTH DATA ELEMENTS--GENERAL INFORMATION | |
| fixed length control field | 070716s xx 000 0 eng d |
| 020 ## - INTERNATIONAL STANDARD BOOK NUMBER | |
| International Standard Book Number | 813170436X : |
| Terms of availability | KES 750 |
| 040 ## - CATALOGING SOURCE | |
| Original cataloging agency | KABU |
| Transcribing agency | KABU |
| 050 #0 - LIBRARY OF CONGRESS CALL NUMBER | |
| Classification number | QA76 |
| Item number | .I85 |
| 110 2# - MAIN ENTRY--CORPORATE NAME | |
| Corporate name or jurisdiction name as entry element | ITL Education Solutions. |
| -- | 0000156044 |
| 245 10 - TITLE STATEMENT | |
| Title | Introduction to computer science. |
| 260 ## - PUBLICATION, DISTRIBUTION, ETC. (IMPRINT) | |
| Place of publication, distribution, etc. | New Delhi : |
| Name of publisher, distributor, etc. | Pearsons, |
| Date of publication, distribution, etc. | 2004. |
| 300 ## - PHYSICAL DESCRIPTION | |
| Extent | xii, 496 p. |
| 650 #0 - SUBJECT ADDED ENTRY--TOPICAL TERM | |
| Topical term or geographic name as entry element | Computer science. |
| -- | 0000058480 |
| 908 ## - PUT COMMAND PARAMETER (RLIN) | |
| Put command parameter | 070716 |
| 950 ## - LOCAL HOLDINGS (RLIN) | |
| -- | 1 |
| Withdrawn status | Lost status | Source of classification or shelving scheme | Not for loan | Home library | Current library | Date acquired | Total Checkouts | Full call number | Barcode | Date last seen | Date last checked out | Price effective from | Koha item type | Total Renewals |
|---|---|---|---|---|---|---|---|---|---|---|---|---|---|---|
| Library of Congress Classification | Kabarak, Main Campus | Kabarak, Main Campus | 17/12/2015 | 5 | QA76 .I85 c. 2 | 005053 | 03/12/2020 | 07/11/2017 | 17/12/2015 | General Collection | ||||
| Library of Congress Classification | Kabarak, Main Campus | Kabarak, Main Campus | 17/12/2015 | 20 | QA76 .I85 c. 1 | 004694 | 29/02/2020 | 15/02/2020 | 17/12/2015 | General Collection | 1 | |||
| Library of Congress Classification | Kabarak, Main Campus | Kabarak, Main Campus | 17/12/2015 | 19 | QA76 .I85 c. 3 | 16357 | 09/12/2025 | 22/11/2025 | 17/12/2015 | General Collection | 1 |